| 000 | 00371cam a22001217a 4500 | ||
|---|---|---|---|
| 008 | 180718b1977 xxu||||| |||| 00| 0 eng d | ||
| 082 | _aD6133 M549 | ||
| 100 | _aMeron, Theodor | ||
| 245 |
_aUnited Nations Secretariat: the rules and the practice _cby Theodor Meron |
||
| 260 |
_aLexington _bLexington Books _c1977 |
||
| 300 | _a208p. | ||
| 650 | _aUnited Nations. Secretariat | ||
| 999 |
_c350711 _d350711 |
||